Správanie spotrebiteľa na dokonale konkurenčnom trhu bakalárska práca

Saved in:
Bibliographic Details
Main Author: Ostrihoň, Filip
Corporate Author: Fakulta podnikového manažmentu EU. Katedra podnikovohospodárska
Other Authors: Mikušová, Nora, 1978-
Format: Book
Language:Slovak
Published: Bratislava 2010
Tags: Add Tag
No Tags, Be the first to tag this record!

MARC

LEADER 00000nbm a2200000 4500
001 0133385
005 20161109111523.5
041 0 |a slo 
044 |a SK 
245 1 0 |a Správanie spotrebiteľa na dokonale konkurenčnom trhu  |b bakalárska práca  |c Filip Ostrihoň ; školiteľ: Nora Mikušová 
264 1 |a Bratislava  |c 2010 
300 |a 68 s. 
100 1 |a Ostrihoň, Filip 
700 1 |a Mikušová, Nora, 1978- 
710 2 |a Fakulta podnikového manažmentu EU. Katedra podnikovohospodárska